| 000 | 00834nam a2200253 a 4500 | ||
|---|---|---|---|
| 001 | 000012744 | ||
| 005 | 20200929163051.0 | ||
| 008 | 091116s1985 mx 001 f spa d | ||
| 020 | _a9682900166 | ||
| 040 |
_aDO-SdBNP _bspa _cBNPHU |
||
| 082 |
_aM863.44 _bG643t |
||
| 100 | 1 |
_aGonzález, Víctor Luis, _d1953- _929521 |
|
| 245 | 1 | 0 |
_aTenías que ser tú / _cVíctor Luis González ; colaborador, Andrea Huerta, Carlos Mapes, Roberto Vallarino. |
| 260 |
_aMéxico : _bConsejo Nacional de Fomento Educativo, _c1985. |
||
| 300 |
_a68 p. ; _c17 cm. |
||
| 490 | 1 | _aLetras Nuevas | |
| 650 | 4 |
_aNovela mexicana _93959 |
|
| 650 | 4 |
_aLiteratura mexicana _ySIGLO XX _99216 |
|
| 700 | 1 |
_aHuerta, Andrea _929522 |
|
| 700 | 1 |
_aMapes, Carlos _929523 |
|
| 700 | 1 |
_aVallarino, Roberto _929524 |
|
| 830 | 0 |
_aLetras Nuevas _929525 |
|
| 049 | _aBNGR | ||
| 999 |
_c12395 _d12395 |
||